header

Trade and cultural exchange in the early modern Mediterranean (Record no. 145199)

MARC details
000 -LEADER
fixed length control field 01616nam a2200373Ia 4500
082 04 - DEWEY DECIMAL CLASSIFICATION NUMBER
Classification number 909.0982205
245 00 - TITLE STATEMENT
Title Trade and cultural exchange in the early modern Mediterranean
260 ## - PUBLICATION, DISTRIBUTION, ETC. (IMPRINT)
Place of publication London ;
-- New York :
Name of publisher Tauris Academic Studies,
Year of publication 2010.
300 ## - PHYSICAL DESCRIPTION
Number of Pages xiv, 319 p. :
Other physical details ill., maps.
490 1# - SERIES STATEMENT
Series statement International library of historical studies ;
650 #0 - SUBJECT ADDED ENTRY--TOPICAL TERM
Topical Term Shipping
Topical Term Culture diffusion
700 1# - ADDED ENTRY--PERSONAL NAME
Personal name Fusaro, Maria.
Personal name Heywood, Colin.
Personal name Omri, Mohamed Salah.
856 40 - ELECTRONIC LOCATION AND ACCESS
Uniform Resource Identifier http://site.ebrary.com/lib/rucke/Doc?id=10428817

No items available.

© 2026 Rongo University
Contact us: librarian | system librarian | Rongo university